LEADER 01107nam a2200265 4500 001 000000350655 003 CaOOAMICUS 005 20220624141851.0 008 220624s2008 it a 000 u ita r 020 $a978-88-6226-013-8 040 $aSeMil$bita 100 1 $aHochhuth, Rolf,$d<1931-2020>.$0(OLS)http://semarc/name/19313 245 12$aL'antigone di Berlino /$cRolf Hochhuth ; a cura di Sotera Fornaro. 264 1$aPistoia :$bVia del vento,$c2008. 300 $a33 p., [1] p. di ritr. :$bill. ;$c17 cm 490 1 $aIquadernidiviadelvento ;$v53 700 1 $aFornaro, Sotera.$0(OLS)http://semarc/name/47362 830 0$aIquadernidiviadelvento ;$v53.$0(OLS)http://semarc/title/440455 850 $aSeMil 852 $aSeMil$W1$xVenegono$y1$m1T I 24$j235015$B241657$CSeMilBibl$Z2$F241657 $81 961 $aPerego don Stefano - Omaggio 996 $6020$a978-88-6226-013-8$9(OLS)http://semarc/number/296139 996 $6245$aL'antigone di Berlino$9(OLS)http://semarc/title/440454 996 $6264$aPistoia :$bVia del vento$9(OLS)http://semarc/publisher/35591 LEADER 01191nam a2200229 i 4500 001 000000009599 003 CaOOAMICUS 005 20200415162022.0 008 180830s1799 it u000 u ita u 040 $aSeMil$bita 100 1 $aIustinus,$c.$0(OLS)http://semarc/name/89704 245 10$aOpere di san Giustino filosofo e martire. Recate dal greco in italiano con prefazioni e note da d. Gio. Battista Gallicciolli. Tomo 1. [-2.]. 260 $aIn Venezia :$bDalla Tipografia di Curti qu. Giacomo,$c1799. 300 $a2 v. ;$c4°. 650 4$aGiustino - Opere.$0(OLS)http://semarc/subject/1493 700 1 $aGallicciolli, Giambattista,$d<1733-1806>.$0(OLS)http://semarc/name/4733 700 1 $aCurti, Antonio <1858-1945>.$0(OLS)http://semarc/name/4735 774 0 $tTomo 1.$w()34487 774 0 $tTomo 2.$w()225823 996 $6245$aOpere di san Giustino filosofo e martire. Recate dal greco in italiano con prefazioni e note da d. Gio. Battista Gallicciolli. Tomo 1. [-2.]$9(OLS)http://semarc/title/12681 996 $6260$aIn Venezia :$bDalla Tipografia di Curti qu. Giacomo$9(OLS)http://semarc/publisher/32614